| Tag |
First Indicator |
Second Indicator |
Subfields |
| LEADER |
00000cam a2200000 4500 |
| 001 |
in00003811521 |
| 005 |
20190415185310.0 |
| 006 |
m o d |
| 007 |
cr |n||||||||n |
| 008 |
880411s1756 enk|||| o 00||||eng c |
| 035 |
|
|
|a (CU-RivES)T178085
|
| 035 |
|
|
|a (Uk-ES)006272851
|
| 035 |
|
|
|a (OCoLC)509290164
|
| 040 |
|
|
|a Uk-ES
|c Uk-ES
|d CStRLIN
|d Cengage Gale
|d UtOrBLW
|
| 100 |
1 |
|
|a Greene, Edward Burnaby,
|d -1788.
|0 http://id.loc.gov/authorities/names/n85024872
|
| 245 |
1 |
4 |
|a The tenth epistle of that first book of Horace. Imitated.
|
| 264 |
|
1 |
|a London :
|b Printed for E. Ross, at his circulating library in Duke's court near St. Martin's Church, Charing Cross,
|c MDCLVI. [1656]
|
| 300 |
|
|
|a 1 online resource (15, 1 unnumbered pages)
|
| 336 |
|
|
|a text
|b txt
|2 rdacontent
|
| 337 |
|
|
|a computer
|b c
|2 rdamedia
|
| 338 |
|
|
|a online resource
|b cr
|2 rdacarrier
|
| 500 |
|
|
|a Attributed to Edward Burnaby Greene.
|
| 500 |
|
|
|a Price on title page: Price One Shilling.
|
| 509 |
|
|
|a C supplies attribution, apparently from CBEL
|
| 510 |
4 |
|
|a English Short Title Catalog,
|c T178085.
|
| 500 |
|
|
|a Reproduction of original from Cambridge University Library.
|
| 500 |
|
|
|a Electronic resource.
|
| 650 |
|
0 |
|a Epistolary poetry, English
|v Early works to 1800.
|
| 655 |
|
7 |
|a Electronic books.
|2 local
|
| 655 |
|
7 |
|a Poems.
|2 rbgenr
|
| 710 |
2 |
|
|a Gale (Firm)
|0 http://id.loc.gov/authorities/names/no2008071348
|
| 752 |
|
|
|a Great Britain
|b England
|d London.
|
| 856 |
4 |
0 |
|u http://proxy.library.tamu.edu/login?url=http://find.galegroup.com/ecco/infomark.do?contentSet=ECCOArticles&docType=ECCOArticles&bookId=1608600800&type=getFullCitation&tabID=T001&prodId=ECCO&docLevel=TEXT_GRAPHICS&version=1.0&source=library&userGroupName=txshracd2898
|z Connect to the full text of this electronic book
|t 0
|
| 999 |
f |
f |
|s fb4e1115-f06b-3938-8fa3-a91eeccd9898
|i 5f30bacd-c4bb-3f35-89c9-3cd4661e7085
|t 0
|
| 952 |
f |
f |
|a Texas A&M University
|b College Station
|c Electronic Resources
|d Available Online
|t 0
|h No information provided
|
| 998 |
f |
f |
|t 0
|l Available Online
|